00860nam a2200241Ia 450000500170000000800410001702000150005810000370007324500860011025000180019630000410021449000410025550000330029665000410032965000430037065000310041326400390044433600270048333700330051033800280054304000350057108400120060620220317000605.0160601s2005 ck a g 000 0 spa  a95895209281 aMárquez Cristo, Gonzalod1963-13aLa palabra liberada cGonzalo Márquez Cristo; obra pictórica Angel Loochkartt a2a edición  a57 páginasbilustraciones c21 cm  aColección Los conjuradospPoesía aIncluye datos biográficos 142LEMBaPoesía colombiana ySiglo XX142LEMBaLiteratura colombiana ySiglo XX142LEMBaAmor en la poesía  aBogotá bComún Presenciac2005 atextobtxt2rdacontent asin mediaciónbn2rdamedia avolumenbnc2rdacarrier aCO-BoRNBPbspaerdacCO-BoRNBP aP MAR20